[Event "Xtracon Grandmaster "]
[Site "Koge"]
[Date "2013.10.19"]
[Round "7"]
[White "Hein, Jacob"]
[Black "Christophersen, David"]
[Result "0-1"]
[WhiteElo "1459"]
[BlackElo "1811"]
[PlyCount "104"]
[EventDate "2013.10.14"]
[EventType "swiss"]
[EventRounds "9"]
[EventCountry "DEN"]
[Source "ChessBase"]
[SourceDate "2013.11.20"]

1. Nf3 d5 2. e3 Bg4 3. c4 c6 4. Nc3 Nf6 5. c5 Nbd7 6. b4 e5 7. Be2 a5 8. Ba3 e4
9. Nd4 Bxe2 10. Ncxe2 axb4 11. Bxb4 Bxc5 12. Bxc5 Nxc5 13. O-O O-O 14. f3 Qc7
15. Qc2 Nd3 16. Ng3 Nb4 17. Qb2 c5 18. Rfc1 Nd3 19. Nb5 Qa5 20. Qc3 Qxb5 21.
Rcb1 Qa5 22. fxe4 Qxc3 23. dxc3 Nxe4 24. Nf5 Nxc3 25. Rxb7 Rxa2 26. Rxa2 Nxa2
27. Ne7+ Kh8 28. Nxd5 c4 29. Kf1 g6 30. Ke2 Kg7 31. Kd2 Rd8 32. e4 Nc5 33. Re7
Nxe4+ 34. Rxe4 Rxd5+ 35. Kc2 c3 36. Re2 Rd2+ 37. Rxd2 cxd2 38. Kxd2 Nb4 39. Ke2
Kf6 40. Kf3 h5 41. h3 Kf5 42. g4+ hxg4+ 43. hxg4+ Kg5 44. Kg3 f6 45. Kf3 Kh4
46. g5 fxg5 47. Kg2 g4 48. Kh2 Nd3 49. Kg2 Ne5 50. Kg1 Kh3 51. Kh1 g3 52. Kg1
g2 0-1

[Event "Xtracon Grandmaster "]
[Site "Koge"]
[Date "2013.10.19"]
[Round "7"]
[White "Hoi, Carsten"]
[Black "Nielsen, Lars Aaes"]
[Result "1/2-1/2"]
[WhiteElo "2393"]
[BlackElo "2268"]
[PlyCount "81"]
[EventDate "2013.10.14"]
[EventType "swiss"]
[EventRounds "9"]
[EventCountry "DEN"]
[Source "ChessBase"]
[SourceDate "2013.11.20"]

1. c4 e6 2. d4 b6 3. Nc3 Bb7 4. a3 d5 5. cxd5 exd5 6. Nf3 Nf6 7. Bg5 Be7 8.
Qa4+ c6 9. e3 O-O 10. Bd3 h6 11. Bf4 Bd6 12. Be5 Qe7 13. O-O Nbd7 14. Bxd6 Qxd6
15. b4 a5 16. bxa5 Rxa5 17. Qb4 Qc7 18. Rfc1 Rfa8 19. Rab1 Qb8 20. a4 Ba6 21.
Qxa5 Bxd3 22. Qb4 Bxb1 23. Rxb1 Qf8 24. Kf1 Qxb4 25. Rxb4 Kf8 26. Ke2 Ke7 27.
Kd3 Ra6 28. Nd2 Ke6 29. f3 c5 30. Rb5 Ra5 31. Rb1 Ra6 32. g4 cxd4 33. exd4 Nf8
34. Re1+ Kd6 35. h4 Ne6 36. Nb3 Ra8 37. Rg1 Rc8 38. Ne2 Rc4 39. Ra1 h5 40. g5
Ng8 41. Nd2 1/2-1/2

[Event "Xtracon Grandmaster "]
[Site "Koge"]
[Date "2013.10.19"]
[Round "7"]
[White "Jacobsen, Mikkel Manosri"]
[Black "Andersen, Morten"]
[Result "0-1"]
[WhiteElo "1928"]
[BlackElo "2153"]
[PlyCount "40"]
[EventDate "2013.10.14"]
[EventType "swiss"]
[EventRounds "9"]
[EventCountry "DEN"]
[Source "ChessBase"]
[SourceDate "2013.11.20"]

1. d4 Nf6 2. Bf4 c5 3. e3 e6 4. c3 b6 5. Nd2 Bb7 6. Ngf3 Be7 7. Bd3 d6 8. Qe2
Nbd7 9. h3 a6 10. a4 O-O 11. O-O Re8 12. b4 Nd5 13. Nc4 Nxc3 14. Qc2 cxb4 15.
Bxh7+ Kh8 16. Bxd6 Bxf3 17. gxf3 g6 18. Bxg6 Rg8 19. Be5+ Bf6 20. Nd6 Qe7 0-1

[Event "Xtracon Grandmaster "]
[Site "Koge"]
[Date "2013.10.19"]
[Round "7"]
[White "Jorgensen, Rasmus"]
[Black "Nielsen, Kai Gylling"]
[Result "1-0"]
[WhiteElo "2062"]
[BlackElo "1809"]
[PlyCount "128"]
[EventDate "2013.10.14"]
[EventType "swiss"]
[EventRounds "9"]
[EventCountry "DEN"]
[Source "ChessBase"]
[SourceDate "2013.11.20"]

1. c4 e5 2. g3 Nf6 3. Bg2 Nc6 4. Nc3 a6 5. Nf3 Bc5 6. O-O O-O 7. d3 h6 8. a3 d6
9. b4 Ba7 10. Bb2 Rb8 11. Rc1 Bg4 12. Qb3 Bxf3 13. exf3 Nd4 14. Qa4 Qd7 15.
Qxd7 Nxd7 16. Rfe1 Nf6 17. Ne2 c5 18. Nxd4 exd4 19. Re7 Rfe8 20. Rce1 Rxe7 21.
Rxe7 Kf8 22. Re2 b5 23. cxb5 axb5 24. f4 c4 25. h3 c3 26. Bc1 Rc8 27. Bb7 Rb8
28. Bc6 Rb6 29. Bf3 d5 30. Kf1 Re6 31. g4 g5 32. fxg5 hxg5 33. Bxg5 Ne4 34.
Bxe4 dxe4 35. Rxe4 Rxe4 36. dxe4 d3 37. Ke1 Bd4 38. f3 f6 39. Bh6+ Kf7 40. Kd1
Ke6 41. Bf4 Be5 42. Be3 Bg3 43. f4 Kd6 44. h4 Ke6 45. h5 Kf7 46. g5 fxg5 47.
fxg5 Be5 48. Kc1 Kg7 49. g6 Kf6 50. Kd1 Kg7 51. Bg5 Bd4 52. Bf4 Kf6 53. Kc1 Ke6
54. h6 Kf6 55. g7 Kf7 56. e5 Kg8 57. Kd1 Kh7 58. e6 Bf6 59. Bd2 c2+ 60. Kc1 Kg8
61. Bf4 Kh7 62. Kd2 Bb2 63. Kxd3 Kg8 64. e7 Kf7 1-0

[Event "Xtracon Grandmaster "]
[Site "Koge"]
[Date "2013.10.19"]
[Round "7"]
[White "Kjartansson, Gudmundur"]
[Black "Antonsen, Mikkel"]
[Result "1-0"]
[WhiteElo "2447"]
[BlackElo "2449"]
[PlyCount "121"]
[EventDate "2013.10.14"]
[EventType "swiss"]
[EventRounds "9"]
[EventCountry "DEN"]
[Source "ChessBase"]
[SourceDate "2013.11.20"]

1. c4 e6 2. Nc3 d5 3. d4 Bb4 4. e3 Nf6 5. Bd3 O-O 6. Nge2 dxc4 7. Bxc4 c5 8. a3
Bxc3+ 9. Nxc3 cxd4 10. exd4 Nc6 11. Be3 Nd5 12. Nxd5 exd5 13. Ba2 Na5 14. b3
Bf5 15. O-O Rc8 16. Bd2 Nc6 17. Bc3 Qg5 18. Qc1 Qg4 19. Qd2 Rfe8 20. f3 Qg6 21.
Rfe1 Bd3 22. Rad1 Ba6 23. Bb1 Qd6 24. Rxe8+ Rxe8 25. Re1 Re7 26. a4 g6 27. b4
Bc4 28. b5 Nd8 29. Bb4 Rxe1+ 30. Qxe1 Qe6 31. Kf2 a6 32. Qxe6 Nxe6 33. bxa6
bxa6 34. Ke3 f6 35. g4 Kf7 36. f4 g5 37. fxg5 Nxg5 38. Bf5 h6 39. a5 Ne6 40. h4
Ng7 41. Bh7 h5 42. g5 fxg5 43. hxg5 Ne6 44. g6+ Kg7 45. Bd6 h4 46. Be5+ Kf8 47.
Bd6+ Kg7 48. Be5+ Kf8 49. Kf3 h3 50. Kg3 Bf1 51. Kh2 Ng7 52. Bd6+ Ke8 53. Bg8
Nf5 54. Bxd5 Bg2 55. Be6 Be4 56. Be5 Ke7 57. d5 Kf8 58. Kxh3 Ng7 59. Bxg7+ Kxg7
60. d6 Bc6 61. d7 1-0

[Event "Xtracon Grandmaster "]
[Site "Koge"]
[Date "2013.10.19"]
[Round "7"]
[White "Knudsen, Martin Mosgaard"]
[Black "Petersen, Henry"]
[Result "0-1"]
[WhiteElo "1683"]
[BlackElo "1405"]
[PlyCount "58"]
[EventDate "2013.10.14"]
[EventType "swiss"]
[EventRounds "9"]
[EventCountry "DEN"]
[Source "ChessBase"]
[SourceDate "2013.11.20"]

1. d4 Nf6 2. c4 e6 3. Nc3 c5 4. Nf3 Nc6 5. d5 exd5 6. Nxd5 Be7 7. e3 d6 8. Bd3
Bg4 9. O-O Nxd5 10. cxd5 Ne5 11. Bb5+ Kf8 12. Be2 Bf6 13. Rb1 a6 14. e4 b5 15.
b3 Qa5 16. Nxe5 Bxe2 17. Qxe2 Bxe5 18. f4 Bd4+ 19. Kh1 f6 20. e5 dxe5 21. fxe5
Bxe5 22. Qxe5 Re8 23. Qd6+ Kf7 24. a3 Re7 25. Qxc5 Rhe8 26. d6 Re1 27. Qd5+ Kf8
28. h3 Rxf1+ 29. Kh2 Qe1 0-1

[Event "Xtracon Grandmaster "]
[Site "Koge"]
[Date "2013.10.19"]
[Round "7"]
[White "Kokholm, Daniel"]
[Black "Nielsen, Klaus"]
[Result "0-1"]
[WhiteElo "1905"]
[BlackElo "2092"]
[PlyCount "118"]
[EventDate "2013.10.14"]
[EventType "swiss"]
[EventRounds "9"]
[EventCountry "DEN"]
[Source "ChessBase"]
[SourceDate "2013.11.20"]

1. e4 c5 2. Nc3 Nc6 3. f4 g6 4. Nf3 Bg7 5. Bb5 d6 6. Bxc6+ bxc6 7. d3 Nf6 8.
O-O O-O 9. Qe1 e6 10. f5 exf5 11. Qh4 Nh5 12. Qf2 f4 13. e5 dxe5 14. Qxc5 Qb6
15. Na4 Qxc5+ 16. Nxc5 Rb8 17. Rb1 Re8 18. Nd2 Bf8 19. Ndb3 Rb5 20. Na4 g5 21.
Nc3 Rb6 22. Re1 f5 23. a3 Nf6 24. Na4 Rb5 25. Nc3 Rb8 26. h3 Nh5 27. Kh2 Bd6
28. Nd2 g4 29. Nc4 Bc7 30. Bd2 Ba6 31. b3 Rbd8 32. Rbd1 Bxc4 33. bxc4 Bb6 34.
Na4 Bf2 35. Rf1 Bg3+ 36. Kg1 Bh4 37. Nc3 Ng3 38. Rfe1 Kf7 39. Rb1 Rd7 40. Na4
f3 41. gxf3 gxf3 42. Nc3 f2+ 43. Kxf2 Ne4+ 44. Ke2 Nxd2 45. Kxd2 Bxe1+ 46. Rxe1
Kf6 47. Ne2 Rg8 48. c3 Rg2 49. d4 Rh2 50. Kc1 e4 51. Nf4 Rf2 52. Ne2 Rg7 53. d5
c5 54. Ng1 Ke5 55. a4 Rgg2 56. Kb1 f4 57. a5 e3 58. h4 e2 59. Kc1 Rxg1 0-1

[Event "Xtracon Grandmaster "]
[Site "Koge"]
[Date "2013.10.19"]
[Round "7"]
[White "Korley, Kassa"]
[Black "Vovk, Oksana"]
[Result "1-0"]
[WhiteElo "2329"]
[BlackElo "2132"]
[PlyCount "91"]
[EventDate "2013.10.14"]
[EventType "swiss"]
[EventRounds "9"]
[EventCountry "DEN"]
[Source "ChessBase"]
[SourceDate "2013.11.20"]

1. d4 Nf6 2. c4 e6 3. g3 d5 4. Nf3 Be7 5. Bg2 O-O 6. O-O Nbd7 7. Nc3 c6 8. Qc2
b6 9. e4 Bb7 10. e5 Ne8 11. cxd5 cxd5 12. h4 h6 13. Bf4 Rc8 14. Qd2 f5 15. Rfc1
Nc7 16. Bf1 Qe8 17. Kg2 Ba6 18. Bxa6 Nxa6 19. Qe2 Nc7 20. Rc2 Nb8 21. Rac1 Qd7
22. h5 Bb4 23. a3 Bxc3 24. Rxc3 Na8 25. Nh4 Rxc3 26. Rxc3 Rc8 27. Rxc8+ Qxc8
28. g4 Nc6 29. gxf5 Nxd4 30. Qd3 Qc4 31. Qxc4 dxc4 32. fxe6 Nxe6 33. Be3 a6 34.
f4 Kf7 35. f5 Nec7 36. Kf3 b5 37. Ke4 Ke7 38. Ng6+ Kf7 39. Nf4 Ne8 40. Kd5
Nac7+ 41. Kc6 a5 42. Bb6 b4 43. axb4 axb4 44. Bxc7 c3 45. bxc3 b3 46. Nd3 1-0

[Event "Xtracon Grandmaster "]
[Site "Koge"]
[Date "2013.10.19"]
[Round "7"]
[White "Lund, Silas"]
[Black "Akdag, Dara Sevkan"]
[Result "1-0"]
[WhiteElo "2416"]
[BlackElo "2278"]
[PlyCount "73"]
[EventDate "2013.10.14"]
[EventType "swiss"]
[EventRounds "9"]
[EventCountry "DEN"]
[Source "ChessBase"]
[SourceDate "2013.11.20"]

1. d4 Nf6 2. c4 c5 3. d5 e6 4. Nc3 exd5 5. cxd5 d6 6. e4 g6 7. f4 Bg7 8. Bb5+
Nfd7 9. Nf3 O-O 10. O-O a6 11. Bd3 b5 12. Kh1 Nb6 13. f5 N8d7 14. Bg5 f6 15.
Bf4 Ne5 16. a3 Bd7 17. Rc1 b4 18. axb4 cxb4 19. Ne2 Na4 20. Bb1 a5 21. b3 Nc5
22. Ned4 a4 23. bxa4 Bxa4 24. Qd2 Qe7 25. Nc6 Qb7 26. Nfd4 b3 27. Ne6 Nxe6 28.
fxe6 b2 29. Rce1 Nxc6 30. dxc6 Bxc6 31. Bxd6 Rfd8 32. Qb4 Ra1 33. e7 Rda8 34.
Qc4+ Kh8 35. Qf7 Rxb1 36. Rxb1 Bxe4 37. e8=Q+ 1-0

[Event "Xtracon Grandmaster "]
[Site "Koge"]
[Date "2013.10.19"]
[Round "7"]
[White "Malmqvist, Glenn"]
[Black "Sorensen, Dick"]
[Result "1/2-1/2"]
[WhiteElo "2102"]
[BlackElo "1974"]
[PlyCount "78"]
[EventDate "2013.10.14"]
[EventType "swiss"]
[EventRounds "9"]
[EventCountry "DEN"]
[Source "ChessBase"]
[SourceDate "2013.11.20"]

1. e4 c5 2. Nf3 e6 3. d4 cxd4 4. Nxd4 a6 5. c4 Qc7 6. Nc3 Nf6 7. a3 d6 8. Be2
Be7 9. Be3 O-O 10. O-O Nbd7 11. Rc1 b6 12. f4 Bb7 13. Bf3 Rac8 14. b4 Qb8 15.
Qd3 Qa8 16. Nb3 Rfd8 17. Nd2 Bf8 18. Qe2 b5 19. e5 dxe5 20. fxe5 Nxe5 21. Bxb7
Qxb7 22. cxb5 Nd3 23. bxa6 Nxc1 24. Rxc1 Qa8 25. Nb3 Nd5 26. Nxd5 Rxc1+ 27.
Bxc1 Qxd5 28. Qf3 Qc4 29. a7 Qa6 30. Be3 Qxa3 31. Bb6 Rc8 32. Ba5 Rc1+ 33. Nxc1
Qxc1+ 34. Kf2 Qd2+ 35. Qe2 Qf4+ 36. Qf3 Qd2+ 37. Kg1 Qe1+ 38. Qf1 Qe3+ 39. Qf2
Qc1+ 1/2-1/2

[Event "Xtracon Grandmaster "]
[Site "Koge"]
[Date "2013.10.19"]
[Round "7"]
[White "Molvig, Julius"]
[Black "Ulibin, Mikhail"]
[Result "0-1"]
[WhiteElo "1893"]
[BlackElo "2523"]
[PlyCount "100"]
[EventDate "2013.10.14"]
[EventType "swiss"]
[EventRounds "9"]
[EventCountry "DEN"]
[Source "ChessBase"]
[SourceDate "2013.11.20"]

1. d4 e6 2. c4 f5 3. g3 Nf6 4. Bg2 c6 5. Nc3 d5 6. Nf3 Bd6 7. b3 O-O 8. O-O b6
9. Bb2 Bb7 10. Rc1 Nbd7 11. e3 Qe7 12. Ne2 Ne4 13. Nf4 Rac8 14. h4 Ndf6 15. Rc2
a5 16. Qc1 a4 17. Rd1 axb3 18. axb3 Nd7 19. Bf1 Nb8 20. Nd3 Na6 21. Kg2 c5 22.
Be2 dxc4 23. bxc4 Bc6 24. dxc5 Naxc5 25. Nxc5 bxc5 26. Be5 Bxe5 27. Nxe5 Ba4
28. f4 Nf6 29. Bf3 Qc7 30. Rb2 Bxd1 31. Qxd1 Rb8 32. Ra2 Rb6 33. Qa4 Rfb8 34.
Nc6 Rc8 35. Ne5 h5 36. Kh3 Ng4 37. Rd2 Nxe5 38. fxe5 Qxe5 39. Qd7 Rf8 40. Qe7
Rb3 41. Rd8 Rxd8 42. Qxd8+ Kh7 43. Qg5 Qxe3 44. Qxh5+ Qh6 45. Qxh6+ Kxh6 46.
Bc6 f4 47. Kg4 fxg3 48. Kf4 Kh5 49. Ke5 Kxh4 50. Kxe6 Rb6 0-1

[Event "Xtracon Grandmaster "]
[Site "Koge"]
[Date "2013.10.19"]
[Round "7"]
[White "Nielsen, Bjorn"]
[Black "Gade, Jens"]
[Result "0-1"]
[WhiteElo "1431"]
[BlackElo "1619"]
[PlyCount "86"]
[EventDate "2013.10.14"]
[EventType "swiss"]
[EventRounds "9"]
[EventCountry "DEN"]
[Source "ChessBase"]
[SourceDate "2013.11.20"]

1. e4 c5 2. d3 g6 3. Nf3 Bg7 4. c3 d6 5. Be2 Nc6 6. O-O Nf6 7. Be3 O-O 8. Nbd2
Ng4 9. Qc2 Nxe3 10. fxe3 Bh6 11. Kf2 f5 12. Rae1 f4 13. exf4 Bxf4 14. Kg1 b5
15. a3 a5 16. Bd1 a4 17. Kh1 Qc7 18. Rf2 Bb7 19. Nf1 Rae8 20. Ng1 Ne5 21. Ne2
Bh6 22. Rxf8+ Rxf8 23. Nfg3 Ng4 24. Nc1 Ne5 25. Rf1 Rf6 26. Rxf6 exf6 27. Be2
Qc6 28. Qd1 d5 29. Qf1 d4 30. b3 dxc3 31. Bf3 Nxf3 32. gxf3 Bd2 33. Qd1 b4 34.
Nf1 Bf4 35. Ne2 Be5 36. Qc2 Bc8 37. Ne3 Be6 38. bxa4 b3 39. Qb1 Qxa4 40. Nxc3
Bxc3 41. Nd5 Qxa3 42. Nxf6+ Bxf6 43. f4 Qa1 0-1

[Event "Xtracon Grandmaster "]
[Site "Koge"]
[Date "2013.10.19"]
[Round "7"]
[White "Nielsen, Jens Holm"]
[Black "Johansson, Alexander"]
[Result "0-1"]
[WhiteElo "1844"]
[BlackElo "2049"]
[PlyCount "66"]
[EventDate "2013.10.14"]
[EventType "swiss"]
[EventRounds "9"]
[EventCountry "DEN"]
[Source "ChessBase"]
[SourceDate "2013.11.20"]

1. Nc3 c5 2. f4 d5 3. e3 Nf6 4. Nf3 Nc6 5. d3 d4 6. Ne4 e5 7. Nxf6+ Qxf6 8.
Nxe5 Nxe5 9. fxe5 Qxe5 10. Qe2 Be6 11. exd4 Qxd4 12. Qe3 Qd7 13. Be2 Bd6 14.
Bd2 O-O 15. O-O Rae8 16. Qg5 Bxa2 17. Bf3 Re5 18. Qh4 Bd5 19. Bxd5 Rxd5 20.
Rxa7 c4 21. Ra2 cxd3 22. c3 Re5 23. b4 Re2 24. Qc4 Rc8 25. Qb3 Rce8 26. Rf3
Rxg2+ 27. Kxg2 Qg4+ 28. Rg3 Bxg3 29. Qd5 Bxh2+ 30. Kxh2 Re2+ 31. Kh1 Qh4+ 32.
Kg1 Qf2+ 33. Kh1 Qh2# 0-1

[Event "Xtracon Grandmaster "]
[Site "Koge"]
[Date "2013.10.19"]
[Round "7"]
[White "Nielsen, Peter Heine"]
[Black "Semcesen, Daniel"]
[Result "1-0"]
[WhiteElo "2649"]
[BlackElo "2490"]
[PlyCount "77"]
[EventDate "2013.10.14"]
[EventType "swiss"]
[EventRounds "9"]
[EventCountry "DEN"]
[Source "ChessBase"]
[SourceDate "2013.11.20"]

1. c4 e5 2. Nc3 Bb4 3. Nd5 Be7 4. d4 d6 5. Nf3 e4 6. Nd2 c6 7. Nxe7 Qxe7 8. Nb1
Nf6 9. Nc3 h6 10. e3 O-O 11. Be2 Re8 12. b3 Nbd7 13. Bb2 a6 14. a4 a5 15. Ba3
Nf8 16. d5 c5 17. Nb5 Ng6 18. Bb2 Rb8 19. Qd2 b6 20. O-O-O Bd7 21. Nc3 Nh4 22.
Rdg1 Bf5 23. Nd1 Bg6 24. f4 exf3 25. gxf3 Kh7 26. e4 Nh5 27. Nf2 f5 28. f4 fxe4
29. Rxg6 Kxg6 30. Rg1+ Kh7 31. Bxh5 g6 32. Qc3 Rf8 33. Nxe4 Rbe8 34. Nf6+ Rxf6
35. Qxf6 Qe3+ 36. Kb1 Qxg1+ 37. Ka2 gxh5 38. Qf7+ Qg7 39. Qxg7# 1-0

[Event "Xtracon Grandmaster "]
[Site "Koge"]
[Date "2013.10.19"]
[Round "7"]
[White "Norlander, Svante"]
[Black "Christensen, Casper"]
[Result "0-1"]
[WhiteElo "1766"]
[BlackElo "1977"]
[PlyCount "52"]
[EventDate "2013.10.14"]
[EventType "swiss"]
[EventRounds "9"]
[EventCountry "DEN"]
[Source "ChessBase"]
[SourceDate "2013.11.20"]

1. e4 d6 2. d4 g6 3. Nc3 Bg7 4. f3 e5 5. Nge2 Nc6 6. Be3 f5 7. f4 exf4 8. Nxf4
Nf6 9. exf5 Bxf5 10. Bc4 Qe7 11. Qd2 Nxd4 12. O-O Nxc2 13. Bf2 O-O-O 14. Rac1
d5 15. Ncxd5 Nxd5 16. Nxd5 Qe4 17. Rxc2 Rxd5 18. Bxd5 Qxc2 19. Qa5 a6 20. b4
Rd8 21. Bb3 Qc6 22. Be3 Rd3 23. Rc1 Rc3 24. Qa3 Bd4 25. Kh1 Rxe3 26. Rf1 Re2
0-1

[Event "Xtracon Grandmaster "]
[Site "Koge"]
[Date "2013.10.19"]
[Round "7"]
[White "Pedersen, Hans Dahl"]
[Black "Percivaldi, Martin"]
[Result "1/2-1/2"]
[WhiteElo "2187"]
[BlackElo "2191"]
[PlyCount "93"]
[EventDate "2013.10.14"]
[EventType "swiss"]
[EventRounds "9"]
[EventCountry "DEN"]
[Source "ChessBase"]
[SourceDate "2013.11.20"]

1. c4 c6 2. g3 d5 3. Nf3 Nf6 4. Bg2 Bf5 5. cxd5 cxd5 6. Qb3 Qc8 7. Nc3 e6 8.
Nh4 Bg6 9. d3 Nc6 10. O-O Be7 11. Bg5 O-O 12. Rac1 Qd7 13. Nxg6 hxg6 14. e3
Rac8 15. Qa4 Rfe8 16. d4 a6 17. a3 Nb8 18. b4 Rxc3 19. Qxd7 Nfxd7 20. Rxc3 Bxg5
21. Rc7 b5 22. Rfc1 Nb6 23. Bf1 Nc4 24. a4 Be7 25. axb5 axb5 26. Rb7 Nc6 27.
Rxb5 Nxb4 28. Bxc4 Rc8 29. Rb7 Bf8 30. Rb1 Rxc4 31. Rb8 f6 32. Ra1 Kf7 33. Ra7+
Be7 34. Rbb7 Nc6 35. Ra6 Nd8 36. Rd7 Rc8 37. Raa7 Nc6 38. Rab7 Ke8 39. h4 Bf8
40. Kg2 Nb8 41. Rf7 Rd8 42. Rfc7 Nd7 43. Rc6 Kf7 44. Rcc7 Ke8 45. Rc6 Kf7 46.
Rcc7 Ke8 47. Rc6 1/2-1/2

[Event "Xtracon Grandmaster "]
[Site "Koge"]
[Date "2013.10.19"]
[Round "7"]
[White "Pondal, Jesper"]
[Black "Fransson, Pia"]
[Result "1-0"]
[WhiteElo "2031"]
[BlackElo "1558"]
[PlyCount "71"]
[EventDate "2013.10.14"]
[EventType "swiss"]
[EventRounds "9"]
[EventCountry "DEN"]
[Source "ChessBase"]
[SourceDate "2013.11.20"]

1. d4 d6 2. g3 Nf6 3. Bg2 g6 4. b3 Bg7 5. Bb2 O-O 6. Nd2 c5 7. dxc5 dxc5 8.
Ngf3 Nc6 9. e4 Nd4 10. Nxd4 cxd4 11. O-O e5 12. Nc4 Qc7 13. f4 Ng4 14. h3 b5
15. hxg4 bxc4 16. f5 Ba6 17. Rf3 Rac8 18. Ba3 Rfd8 19. f6 Bh6 20. Bc1 Bf8 21.
g5 c3 22. Bf1 Bxf1 23. Qxf1 Qd7 24. Qd3 Rc6 25. a4 a5 26. Kg2 Rb8 27. Rf1 h5
28. Rh1 Qc8 29. Rh4 Qa6 30. Qf3 Rd8 31. Rxh5 gxh5 32. Qxh5 Rxf6 33. gxf6 d3 34.
Qg5+ Kh8 35. Ba3 d2 36. Rh1+ 1-0

[Event "Xtracon Grandmaster "]
[Site "Koge"]
[Date "2013.10.19"]
[Round "7"]
[White "Rendboe, John Filip"]
[Black "Nilssen, John Arni"]
[Result "0-1"]
[WhiteElo "2214"]
[BlackElo "2360"]
[PlyCount "58"]
[EventDate "2013.10.14"]
[EventType "swiss"]
[EventRounds "9"]
[EventCountry "DEN"]
[Source "ChessBase"]
[SourceDate "2013.11.20"]

1. d4 d5 2. c4 e6 3. Nc3 c6 4. Nf3 dxc4 5. a4 Bb4 6. e3 b5 7. Bd2 a5 8. axb5
Bxc3 9. Bxc3 cxb5 10. b3 Bb7 11. bxc4 b4 12. Bd2 Nf6 13. c5 O-O 14. Bd3 Nbd7
15. O-O Nxc5 16. Bxh7+ Nxh7 17. dxc5 Ng5 18. Nxg5 Qxg5 19. e4 Qxc5 20. Be3 Qe5
21. f3 Ba6 22. Re1 Rfd8 23. Qc2 Bd3 24. Qb3 Qb5 25. Rec1 a4 26. Qb2 Bc4 27.
Rab1 Rab8 28. Bf4 a3 29. Qf2 e5 0-1

[Event "Xtracon Grandmaster "]
[Site "Koge"]
[Date "2013.10.19"]
[Round "7"]
[White "Rendlev, Niels Moller"]
[Black "Tolba, Henri"]
[Result "0-1"]
[WhiteElo "1818"]
[BlackElo "1716"]
[PlyCount "72"]
[EventDate "2013.10.14"]
[EventType "swiss"]
[EventRounds "9"]
[EventCountry "DEN"]
[Source "ChessBase"]
[SourceDate "2013.11.20"]

1. g3 c5 2. f4 Nc6 3. Bg2 e6 4. e4 d5 5. e5 Nge7 6. Nf3 g6 7. Nc3 a6 8. d3 Nf5
9. O-O h5 10. Bd2 Be7 11. Rc1 Nh6 12. Ng5 Bd7 13. Qe1 Nd4 14. Ne2 Nhf5 15. Nxd4
Nxd4 16. Nf3 Nf5 17. c3 h4 18. g4 h3 19. Bh1 Nh4 20. Nxh4 Bxh4 21. Qe3 Qb6 22.
g5 d4 23. cxd4 cxd4 24. Qe2 Bb5 25. a3 a5 26. b4 Qa6 27. Be4 Bc6 28. bxa5 Bxe4
29. Qxe4 O-O 30. Rc4 Rac8 31. Qxd4 Rxc4 32. Qxc4 Qa7+ 33. Kh1 Bf2 34. Rc1 Be3
35. Rc2 Bxd2 36. Rxd2 Qe3 0-1

[Event "Xtracon Grandmaster "]
[Site "Koge"]
[Date "2013.10.19"]
[Round "7"]
[White "Smidt Nielsen, Henrik"]
[Black "Elzubeir, Omar"]
[Result "1-0"]
[WhiteElo "1953"]
[BlackElo "1448"]
[PlyCount "82"]
[EventDate "2013.10.14"]
[EventType "swiss"]
[EventRounds "9"]
[EventCountry "DEN"]
[Source "ChessBase"]
[SourceDate "2013.11.20"]

1. d4 c5 2. Nf3 Nf6 3. c4 e6 4. g3 b6 5. Bg2 Bb7 6. O-O d5 7. cxd5 Nxd5 8. a3
Nf6 9. Nc3 Be7 10. dxc5 Qxd1 11. Rxd1 Bxc5 12. b4 Be7 13. Nb5 Na6 14. Bb2 Bc6
15. Ne5 Bxg2 16. Kxg2 Nd5 17. Nc6 f6 18. Nbxa7 Ndc7 19. Nxe7 Kxe7 20. Nc6+ Ke8
21. Rd3 Nb8 22. Nxb8 Rxb8 23. Rad1 Rf8 24. Rd7 Rc8 25. Rxg7 Nd5 26. e4 Rc7 27.
Rxc7 Nxc7 28. Bd4 b5 29. Bb6 Rf7 30. Rc1 Na8 31. Rc8+ Kd7 32. Rxa8 Kc6 33. Bc5
f5 34. Ra6+ Kd7 35. Ra7+ Ke8 36. Rxf7 Kxf7 37. exf5 exf5 38. Kf3 Ke6 39. Kf4 h6
40. h4 Kf6 41. h5 Ke6 1-0

[Event "Xtracon Grandmaster "]
[Site "Koge"]
[Date "2013.10.19"]
[Round "7"]
[White "Smith, Axel"]
[Black "Danielsen, Henrik"]
[Result "1/2-1/2"]
[WhiteElo "2460"]
[BlackElo "2501"]
[PlyCount "196"]
[EventDate "2013.10.14"]
[EventType "swiss"]
[EventRounds "9"]
[EventCountry "DEN"]
[Source "ChessBase"]
[SourceDate "2013.11.20"]

1. d4 d6 2. Nf3 g6 3. c4 Bg7 4. Nc3 Nf6 5. g3 O-O 6. Bg2 Nc6 7. O-O a6 8. d5
Na5 9. b3 c5 10. dxc6 Nxc6 11. Bb2 Qa5 12. Qc1 Bf5 13. Rd1 Rac8 14. Nd5 Nxd5
15. Rxd5 Bxb2 16. Qxb2 Qb6 17. Nd4 Be6 18. Nxc6 bxc6 19. Rd4 a5 20. Qd2 Qc5 21.
Rd1 Rc7 22. Rh4 f6 23. Be4 Rf7 24. Bd3 Rb7 25. Re4 Bf5 26. Re3 Bd7 27. Rb1 f5
28. Bc2 Bc8 29. Rd3 Rf6 30. Rd1 Be6 31. Rd4 Rb8 32. Qe3 Rb7 33. Qd2 Rb8 34. Qe3
Re8 35. Qd2 Bc8 36. Bb1 Ref8 37. Bc2 Rd8 38. Qe3 Rd7 39. Qg5 Rf7 40. Qd2 Rd8
41. Bb1 Rdf8 42. Bc2 Bb7 43. Bb1 Qb6 44. Rh4 c5 45. e4 a4 46. bxa4 fxe4 47. a5
Qa7 48. Bxe4 Rxf2 49. Qxf2 Rxf2 50. Kxf2 Bc8 51. Bd5+ e6 52. Bf3 Qxa5 53. Rxd6
Qxa2+ 54. Be2 Kg7 55. Rc6 Bd7 56. Rc7 Qd2 57. Re4 Qd6 58. Ra7 h5 59. Re3 Qd4
60. Raa3 Bc6 61. Rad3 Qf6+ 62. Ke1 Qf5 63. Rd6 Be4 64. h4 Kh6 65. Bf1 Qe5 66.
Rd1 Qf5 67. Rd6 e5 68. Rd2 Bf3 69. Be2 Bxe2 70. Rdxe2 Qg4 71. Kf2 Qxc4 72. Rxe5
Qd4+ 73. Kg2 c4 74. Ra5 Qd3 75. Raa2 Qd5+ 76. Kh2 Qd3 77. Rad2 Qc3 78. Rf2 Qe3
79. Rde2 Qd3 80. Re7 Qd6 81. Rff7 g5 82. Rh7+ Kg6 83. Rhg7+ Kf6 84. Rgf7+ Kg6
85. Rg7+ Kf6 86. Ref7+ Ke5 87. Rd7 Qb4 88. Rxg5+ Ke6 89. Rc7 Qb2+ 90. Kh3 Qb1
91. Kg2 Qe4+ 92. Kf2 Qc2+ 93. Kf3 Qd3+ 94. Kf2 Qd2+ 95. Kf3 Qd1+ 96. Kf2 Qd2+
97. Kf3 Qd3+ 98. Kf2 Qd2+ 1/2-1/2

[Event "Xtracon Grandmaster "]
[Site "Koge"]
[Date "2013.10.19"]
[Round "7"]
[White "Solodovnichenko, Yuri"]
[Black "Gleizerov, Evgeny"]
[Result "1/2-1/2"]
[WhiteElo "2583"]
[BlackElo "2545"]
[PlyCount "121"]
[EventDate "2013.10.14"]
[EventType "swiss"]
[EventRounds "9"]
[EventCountry "DEN"]
[Source "ChessBase"]
[SourceDate "2013.11.20"]

1. e4 e6 2. d4 d5 3. Nc3 Nf6 4. Bg5 Be7 5. e5 Nfd7 6. h4 h6 7. Bxe7 Qxe7 8. f4
O-O 9. Qd2 c5 10. dxc5 Nc6 11. O-O-O Qxc5 12. g4 f6 13. exf6 Nxf6 14. g5 d4 15.
Nb5 Nd5 16. Nxd4 Qxd4 17. Qxd4 Nxd4 18. Rxd4 Rxf4 19. Ne2 Rxd4 20. Nxd4 Bd7 21.
Bg2 hxg5 22. hxg5 Rb8 23. Be4 Nb4 24. Kd2 e5 25. a3 exd4 26. axb4 Bc6 27. Rh4
Kf7 28. Rf4+ Ke6 29. Bd3 Rd8 30. b5 Bh1 31. Bc4+ Ke5 32. Rf7 g6 33. Bd3 Rh8 34.
Bxg6 Rh2+ 35. Kd3 Rh3+ 36. Ke2 Rg3 37. Rf5+ Ke6 38. Rf1 Rxg5 39. Bf7+ Ke7 40.
Rxh1 Kxf7 41. Rh7+ Ke6 42. Rxb7 Kd5 43. b3 Rg2+ 44. Kd3 Rg3+ 45. Kd2 Rg2+ 46.
Kc1 Kc5 47. Rxa7 Kxb5 48. Rd7 Kc5 49. Rc7+ Kd5 50. Kb2 Rg8 51. b4 Rg3 52. Rc8
Rh3 53. Rc5+ Kd6 54. Rc4 Kd5 55. Rc5+ Kd6 56. Ra5 Rc3 57. Ra3 Rc4 58. Rb3 Kc6
59. c3 Rxc3 60. Rxc3+ dxc3+ 61. Kxc3 1/2-1/2